000 00363nam a2200133Ia 4500
003 GCL
008 140319s9999 xx 000 0 ara d
040 _aGCL /
_cGCL
082 0 4 _a624.1
_bف ت
100 1 _aفاروق عباس حيدر
245 1 0 _aتخطيط المدن والقرى /
_cفاروق عباس حيدر
300 _a511 ص
490 _a100 قصة
_v0
999 _c43328
_d43328